000
00320nam a22001337a 4500
020
_a
978-0-143-33479-8
082
_a
823
_b
BON/O
100
_a
BOND, RUSKIN
245
_a
MR.OLIVER'S DIARY
260
_a
UNITED KINGDOM
_b
PUFFIN BOOKS
_c
2016
300
_a
135
650
_a
CHILDRENS STORY BOOK
_z
UNITED KINGDOM
942
_c
BK
999
_c
2625
_d
2625